Fishes of the North-eastern Atlantic and Mediterranean

Đã lưu trong:
Chi tiết về thư mục
Tác giả chính: Whitehead, Peter James Palmer (Tác giả)
Định dạng: Sách
Ngôn ngữ:Tiếng Anh
Được phát hành: París Unesco 1986
Những chủ đề:
Các nhãn: Thêm thẻ
Không có thẻ, Là người đầu tiên thẻ bản ghi này!

MARC

LEADER 00000nam a2200000 a 4500
001 UCV3866
003 CL-VaPUC
008 881215e19860000FR |||||||||||||||||eng|d
082 0 4 |a 597.092  |b WHI  |2 21 
100 0 |a Whitehead, Peter James Palmer  |e author  |9 298272 
245 1 0 |a Fishes of the North-eastern Atlantic and Mediterranean 
246 1 0 |a Poissons de l'Atlantique du Nord-Est et de la Méditerranée 
300 |a 3 v 
942 |c BK 
945 |d 19881215 00:00:00 
260 |a París  |b Unesco  |c 1986 
650 7 |a PECES  |2 CL-VaPUC  |9 298273 
650 7 |a OCEANO ATLANTICO  |2 CL-VaPUC  |9 259947 
650 7 |a MAR MEDITERRANEO  |2 CL-VaPUC  |9 260004 
650 0 |a Distribución geográfica  |9 260005 
583 |a last modification  |c 19881215 00:00:00  |k Rodrigo Vera 
999 |c 210982  |d 210980 
952 |0 0  |1 0  |4 0  |6 597_092000000000000_WHI_1986  |7 0  |8 CCM  |9 188170  |a BIBCUR  |b BIBCUR  |d 2019-11-14  |h v.2  |i 2556367  |o 597.092 WHI 1986  |p 2556367  |r 2025-04-22  |w 2019-11-14  |y BK_X  |k CIM 
952 |0 0  |1 0  |4 0  |6 597_092000000000000_WHI_1986  |7 0  |8 CCM  |9 188171  |a BIBCUR  |b BIBCUR  |d 2019-11-14  |h v.3  |i 2556375  |o 597.092 WHI 1986  |p 2556375  |r 2025-04-22  |w 2019-11-14  |y BK_X  |k CIM